[Event "Challenge"]
[Site "http://www.queenalice.com/game.php?id=1430541"]
[Date "2016.7.6"]
[Round "-"]
[White "conan"]
[Black "Ebbe"]
[Result "0-1"]
[WhiteElo "1760"]
[BlackElo "1940"]

1. e4 e5 2. a3 Nf6 3. f3 d5 4. d3 d4 5. g4 h6 6. h4 Be7 7. h5 Ng8 8. Bh3 Bh4+ 9.
Kf1 Nc6 10. b4 a6 11. c4 Qf6 12. Qa4 Bd7 13. b5 Na7 14. g5 Bxh3+ 15. Rxh3 Bxg5
16. bxa6+ Nc6 17. Nd2 Rxa6 18. Qb5 Rb6 19. Qa4 Be3 20. c5 Ra6 21. Qb5 Ne7 22.
Qxb7 Ra7 23. Qb5 O-O 24. Qb2 Qe6 25. Rg3 Bxg1 26. Kxg1 f5 27. Qb3 Qxb3 28. Nxb3
Rb7 29. Bxh6 Rf7 30. Nd2 Nd8 31. Nc4 Rf6 32. Bxg7 Rf7 33. Bxe5+ Kf8 34. Bxd4 Ne6
35. Be3 f4 36. Bxf4 Nxf4 37. Ra2 Rb1+ 38. Kh2 Nxh5 39. Rg1 Rxg1 40. Kxg1 Rxf3
41. Rf2 Rxf2 42. Kxf2 Ke8 43. Ne5 Nf4 44. Ke3 Ne6 45. d4 Kd8 46. c6 Kc8 47. a4
Kb8 48. a5 Ka7 49. Nd3 Ka6 50. d5 Nd8 51. Kf4 Kxa5 52. Kg5 Kb5 53. Nf4 Kc5 54.
e5 Nxd5 55. Nxd5 Kxd5 56. Kf6 Kxc6 57. Ke7 Nb7 58. Kf7 Kd5 59. Kf6 c5 60. e6 Nd6
61. Ke7 c4 62. Kd7 c3 63. e7 c2 64. e8=Q Nxe8 65. Kxe8 c1=Q 66. Kd8 Kd6 67. Ke8
Qc7 68. Kf8 Ke6 69. Kg8 Kf6 0-1

[Event "Congratulations!"]
[Site "http://www.queenalice.com/game.php?id=1430836"]
[Date "2016.7.8"]
[Round "-"]
[White "Ebbe"]
[Black "pgrzelak"]
[Result "1-0"]
[WhiteElo "1980"]
[BlackElo "1893"]

1. e4 e5 2. Nf3 Nc6 3. c3 d5 4. Bd3 a6 5. exd5 Qxd5 6. Be2 Be7 7. c4 Qc5 8. O-O
Be6 9. b3 O-O-O 10. Nc3 Nd4 11. Rb1 Bf5 12. b4 Nxf3+ 13. Kh1 Qa7 14. d3 Nd4 15.
Bf3 Nxf3 16. Qxf3 g6 17. Be3 b6 18. Nd5 Qb7 19. a4 Bxd3 20. Qxf7 Bxf1 21. Rxf1
c6 22. Qe6+ Rd7 23. Nxb6+ Kd8 24. Nxd7 Qxd7 25. Qxe5 Bf6 26. Qb8+ Ke7 27. Bc5+
Ke6 28. Re1+ Kf5 29. g4+ Kg5 30. Be3+ Kxg4 31. Qf4+ Kh5 32. Qf3+ Qg4 33. Qxc6
Qf5 34. Qc5 Qxc5 35. Bxc5 Bc3 36. Re8 Nh6 37. Re6 a5 38. b5 Nf7 39. b6 Ne5 40.
b7 Nd7 41. Ba7 Bd2 42. Rd6 Bf4 43. Rxd7 h6 44. Rd5+ g5 45. Rxa5 Rd8 46. Rb5 Bb8
47. Bxb8 Rxb8 48. c5 1-0

[Event "Challenge"]
[Site "http://www.queenalice.com/game.php?id=1437224"]
[Date "2016.8.22"]
[Round "-"]
[White "FunChess"]
[Black "Ebbe"]
[Result "1-0"]
[WhiteElo "2263"]
[BlackElo "1980"]

1. e4 e5 2. d4 exd4 3. c3 dxc3 4. Bc4 cxb2 5. Bxb2 Nc6 6. Nf3 Bc5 7. Bxg7 Qe7 8.
Bxh8 Qxe4+ 9. Qe2 Qxe2+ 10. Bxe2 f6 11. Bc4 Nce7 12. O-O d5 13. Bb3 Be6 14. Re1
Bf5 15. Nc3 O-O-O 16. Rad1 Bb4 17. Nxd5 Bxe1 18. Nxe1 Be6 19. Nxe7+ Nxe7 20.
Bxe6+ 1-0

[Event "Challenge"]
[Site "http://www.queenalice.com/game.php?id=1438939"]
[Date "2016.9.1"]
[Round "-"]
[White "eduardofelix"]
[Black "Ebbe"]
[Result "0-1"]
[WhiteElo "1899"]
[BlackElo "1941"]

1. e4 e5 2. Nf3 Nc6 3. a3 h6 4. Bc4 Nf6 5. d3 d5 6. exd5 Nxd5 7. O-O a6 8. Bxd5
Qxd5 9. c4 Qd8 10. Nc3 Bg4 11. h3 Bh5 12. Qe2 Bd6 13. b4 Nd4 14. Qe4 Bxf3 15.
gxf3 c6 16. Be3 O-O 17. Qg4 f5 18. Qg2 f4 19. Bxd4 exd4 20. Ne2 c5 21. Rab1 b5
22. Qg4 Qf6 23. Kh2 bxc4 24. dxc4 d3 25. Nc3 Qxc3 26. Qe6+ Kh8 27. Qxd6 Qxa3 28.
Qxc5 Rfe8 29. Qd4 Rad8 30. Qxf4 Qa2 31. Rbd1 d2 32. c5 Re1 33. Kg2 Rxd1 34. Rxd1
Qc2 35. Ra1 d1=Q 36. Rxd1 Rxd1 37. Qb8+ Kh7 38. Qb7 Qg6+ 39. Kh2 Qg1# 0-1

[Event "Challenge"]
[Site "http://www.queenalice.com/game.php?id=1440704"]
[Date "2016.9.11"]
[Round "-"]
[White "pgrzelak"]
[Black "Ebbe"]
[Result "0-1"]
[WhiteElo "1910"]
[BlackElo "1958"]

1. d4 d5 2. c4 c5 3. cxd5 Qxd5 4. Nc3 Qxd4 5. Qxd4 cxd4 6. Nb5 Na6 7. e3 e5 8.
exd4 e4 9. Bc4 Bb4+ 10. Nc3 Nf6 11. Ne2 O-O 12. O-O h6 13. Bxa6 bxa6 14. Nf4 Bb7
15. a3 Bd6 16. Be3 Rfe8 17. Rfe1 Ng4 18. h3 Nf6 19. g3 g5 20. Nfe2 Kg7 21. Rad1
Kg6 22. h4 gxh4 23. gxh4 Rg8 24. Kf1 Kh5 25. Bf4 Bxf4 26. Nxf4+ Kxh4 27. Ke2 Rg4
28. Ke3 Kg5 29. Rg1 Rxg1 30. Rxg1+ Ng4+ 31. Ke2 Kxf4 32. d5 f5 33. d6 Bc6 34.
Rd1 e3 35. Rd4+ Kg5 36. f4+ Kf6 37. Na4 Rb8 38. d7 Ke7 39. b4 Bxa4 40. Rd5 Bxd7
41. Rd1 Bb5+ 42. Ke1 Rd8 43. Rc1 e2 44. Rc7+ Kf8 45. Rc1 h5 0-1

[Event "Challenge"]
[Site "http://www.queenalice.com/game.php?id=1444945"]
[Date "2016.10.9"]
[Round "-"]
[White "Ebbe"]
[Black "FunChess"]
[Result "0-1"]
[WhiteElo "1959"]
[BlackElo "2282"]

1. d4 Nf6 2. d5 e5 3. Bg5 Bc5 4. a3 Bxf2+ 5. Kxf2 Ne4+ 6. Ke1 Qxg5 7. Nf3 Qe7 8.
Qd3 f5 9. g3 O-O 10. Qb3 d6 11. Nbd2 Nd7 12. Nxe4 fxe4 13. Nh4 Qf7 14. Kd2 Qf2
15. Re1 Qd4+ 16. Kc1 Nc5 17. Qb4 Qxd5 18. Nf5 Bxf5 19. e3 Qf7 20. Bc4 Be6 21.
Bxe6 Qxe6 22. Kb1 Rf2 23. h4 Raf8 24. Rd1 Re2 25. Rde1 Rff2 26. Rxe2 Rxe2 27.
Qc3 c6 28. Re1 Rg2 29. Qa5 Qe7 30. Qxa7 Rxg3 31. Rf1 g6 32. Qb8+ Kg7 33. Qc8
Rxe3 34. Qg4 Ne6 35. h5 Rf3 36. Rg1 Qf6 37. Qxe4 Rf1+ 38. Rxf1 Qxf1+ 39. Ka2 Nd4
0-1

[Event "Ajedrez # 4"]
[Site "http://www.queenalice.com/game.php?id=1447229"]
[Date "2016.11.1"]
[Round "1"]
[White "Eggchaser"]
[Black "Ebbe"]
[Result "1-0"]
[WhiteElo "1974"]
[BlackElo "1955"]

1. Nf3 d5 2. c4 Nf6 3. cxd5 Nxd5 4. e4 Nf6 5. Nc3 Bg4 6. Be2 Nc6 7. O-O e5 8. h3
Bh5 9. d3 h6 10. Be3 a6 11. Nxe5 Nxe5 12. Bxh5 Nxh5 13. Qxh5 Qxd3 14. Qxe5+ Be7
15. Qxg7 O-O-O 16. Qg4+ Kb8 17. Rfd1 Qc4 18. Rxd8+ Bxd8 19. Qg7 Re8 20. Qd4 Qxd4
21. Bxd4 b6 22. f3 c5 23. Be3 h5 24. Rd1 Kc8 25. Rd5 h4 26. Bg5 Bxg5 27. Rxg5
Rd8 28. Nd5 Rd6 29. Rh5 b5 30. Rxh4 Kd7 31. Rh7 Ke8 32. Rh8+ Kd7 33. Rb8 c4 34.
Rb7+ Ke8 35. Rb6 1-0

[Event "TAO-TE-CHING."]
[Site "http://www.queenalice.com/game.php?id=1450683"]
[Date "2016.11.17"]
[Round "-"]
[White "o3bor52"]
[Black "Ebbe"]
[Result "1-0"]
[WhiteElo "1851"]
[BlackElo "1906"]

1. e4 e5 2. Nf3 Nc6 3. Bb5 Nf6 4. O-O a6 5. Bxc6 dxc6 6. d4 exd4 7. Qxd4 Qxd4 8.
Nxd4 h6 9. Nc3 Bd7 10. f3 O-O-O 11. Nde2 Bd6 12. Bf4 Bxf4 13. Nxf4 g5 14. Nd3
Be6 15. b3 h5 16. e5 Nd5 17. Nxd5 cxd5 18. f4 g4 19. Nc5 h4 20. Nxe6 fxe6 21. c3
Rdf8 22. a4 Rh7 23. Rad1 c5 24. Rd3 1-0

[Event "Challenge"]
[Site "http://www.queenalice.com/game.php?id=1451814"]
[Date "2016.11.25"]
[Round "-"]
[White "Ebbe"]
[Black "eduardofelix"]
[Result "1-0"]
[WhiteElo "1970"]
[BlackElo "1867"]

1. e4 e5 2. Nf3 d6 3. Nc3 a6 4. d4 Bg4 5. d5 h6 6. h3 Bh5 7. g4 Bg6 8. Be3 c6 9.
h4 cxd5 10. Qxd5 Qd7 11. O-O-O Nf6 12. Qc4 b5 13. Qb3 Nxe4 14. Nxe5 Qb7 15. Nxg6
Nxc3 16. Qxc3 fxg6 17. Rh2 Nc6 18. Bxh6 b4 19. Qe3+ Ne5 20. Bg2 Qa7 21. Bxa8
Qxa8 22. Bf4 Qb8 23. b3 Be7 24. f3 g5 25. Bxg5 Qd8 26. Rhd2 Bxg5 27. hxg5 Kf7
28. Qf4+ Kg8 29. Rxd6 Qe7 30. Rd8+ Kh7 31. Rh1+ Kg6 32. Qf5# 1-0

[Event "Challenge"]
[Site "http://www.queenalice.com/game.php?id=1454864"]
[Date "2016.12.14"]
[Round "-"]
[White "Ebbe"]
[Black "conan"]
[Result "1-0"]
[WhiteElo "1969"]
[BlackElo "1762"]

1. d4 d5 2. c4 dxc4 3. e4 b5 4. a4 c6 5. axb5 cxb5 6. Nf3 f6 7. b3 Bg4 8. Be2 h5
9. bxc4 e5 10. cxb5 Bb4+ 11. Nbd2 exd4 12. b6 d3 13. b7 dxe2 14. Qa4+ Nd7 15.
bxa8=Q Qxa8 16. Qxb4 Ne7 17. Kxe2 Nc6 18. Qc3 Nce5 19. Re1 O-O 20. Kf1 Rc8 21.
Qa5 Nd3 22. Rd1 N7e5 23. Qd5+ Qxd5 24. exd5 Rd8 25. Ra5 a6 26. h3 Bc8 27. Nxe5
fxe5 28. Nc4 Nxc1 29. Rxc1 e4 30. d6 Be6 31. Rxa6 Rc8 32. Ra4 Kf7 33. Ne5+ Kf6
34. Rxc8 Bxc8 35. Rxe4 Ke6 36. Nc4+ Kd5 37. Nb6+ Kxe4 38. Nxc8 Ke5 39. d7 1-0

[Event "OS INCLIVEIS"]
[Site "http://www.queenalice.com/game.php?id=1454877"]
[Date "2016.12.14"]
[Round "-"]
[White "adelio"]
[Black "Ebbe"]
[Result "0-1"]
[WhiteElo "1594"]
[BlackElo "1967"]

1. d4 d5 2. e4 dxe4 3. Nc3 Bf5 4. f3 Nf6 5. g4 Bg6 6. h4 exf3 7. Qxf3 c6 8. Be3
Nd5 9. Nxd5 cxd5 10. c4 Be4 11. Qh3 Bxh1 12. Qxh1 e6 13. O-O-O Nc6 14. a3 Na5
15. c5 Nc6 16. Qh2 b6 17. Bb5 Rc8 18. b4 Be7 19. g5 O-O 20. Nf3 bxc5 21. dxc5 a5
22. Bxc6 Rxc6 23. Ne5 Rc8 24. Rg1 d4 25. Rd1 Qc7 26. Bf4 Qa7 27. c6 axb4 28.
axb4 Qa1+ 29. Kc2 Qc3+ 30. Kb1 Bxb4 31. Qb2 Qxb2+ 32. Kxb2 Bc3+ 33. Kc2 f6 34.
gxf6 Rxf6 35. Bg5 Rf2+ 36. Kd3 Rf5 37. Ng4 Rxc6 38. Rg1 e5 39. Nf6+ gxf6 40.
Bxf6+ Kf7 41. Bh8 Rg6 42. Rb1 Rg8 43. Rb7+ Kg6 44. Ke4 Rxh8 45. Rb6+ Rf6 46. h5+
Kg5 47. Rb1 Re8 48. Rh1 Rf4+ 49. Kd5 e4 50. Rg1+ Kxh5 51. Rh1+ Rh4 52. Rf1 Rd8+
53. Ke6 d3 54. Rf5+ Kg4 55. Rc5 d2 56. Rxc3 d1=Q 57. Kf6 Qd4+ 58. Ke7 Rd7+ 59.
Ke8 Rd8+ 60. Ke7 Qd7+ 61. Kf6 Rh6+ 62. Ke5 Qd4# 0-1

[Event "Challenge"]
[Site "http://www.queenalice.com/game.php?id=1455437"]
[Date "2016.12.18"]
[Round "-"]
[White "Ebbe"]
[Black "conan"]
[Result "0-1"]
[WhiteElo "1928"]
[BlackElo "1770"]

1. e4 e5 2. Nf3 f6 3. Bc4 d5 4. exd5 Ne7 5. Nc3 c6 6. O-O b5 7. Bb3 Nxd5 8. Nxd5
cxd5 9. d4 e4 10. Re1 Be7 11. Nh4 O-O 12. Rxe4 Kh8 13. Re3 Nc6 14. c3 a5 15. Bc2
f5 16. Nf3 f4 17. Re1 g5 18. Ne5 Nxe5 19. dxe5 b4 20. Qh5 Bf5 21. Bxf5 Rxf5 22.
Qf3 Rc8 23. cxb4 axb4 24. b3 Bc5 25. Bb2 Kg7 26. e6+ Kg6 27. Rad1 h5 28. g4 hxg4
29. Qxg4 Qb6 30. Qf3 Re8 0-1

[Event "CharlyVince"]
[Site "http://www.queenalice.com/game.php?id=1456368"]
[Date "2016.12.24"]
[Round "1"]
[White "shady66"]
[Black "Ebbe"]
[Result "1-0"]
[WhiteElo "1801"]
[BlackElo "1975"]

1. e4 e5 2. Bc4 Nf6 3. Qf3 Nc6 4. Ne2 Bc5 5. c3 O-O 6. b4 Bb6 7. Bb2 d6 8. O-O
Ne7 9. h3 d5 10. exd5 Bf5 11. d3 e4 12. dxe4 Nxe4 13. Nd4 Nd6 14. Nd2 c5 15.
Nxf5 Ndxf5 16. b5 a6 17. a4 axb5 18. Bxb5 Nd6 19. Be2 Bc7 20. c4 Nef5 21. Bd3
Qd7 22. Qg4 f6 23. Ne4 Qd8 24. Nxc5 Nh6 25. Qh5 Ndf7 26. Ne6 Qe7 27. Nxc7 Qxc7
28. Rfe1 Qb6 29. Re2 Rae8 30. Bc3 Rxe2 31. Qxe2 Nd6 32. a5 Qd8 33. Bd4 Re8 34.
Qc2 f5 35. c5 Ne4 36. d6 Qd7 37. f4 Qd8 38. Qb3+ Kh8 39. Qxb7 1-0

[Event "Ajedrez # 4"]
[Site "http://www.queenalice.com/game.php?id=1457274"]
[Date "2016.12.31"]
[Round "2"]
[White "Ebbe"]
[Black "fltrazzi"]
[Result "1-0"]
[WhiteElo "1972"]
[BlackElo "1219"]

1. d4 Nc6 2. d5 Nb4 3. a3 Na6 4. e4 e5 5. Nc3 Bc5 6. Nh3 Nh6 7. Bxh6 gxh6 8. Qh5
d6 9. Be2 Bxh3 10. Qxh3 Qf6 11. O-O Bd4 12. Bb5+ Ke7 13. Qd7+ Kf8 14. b4 Bxc3
15. Rab1 Rg8 16. Be2 Qg5 17. g3 h5 18. h4 Qd2 19. Bxa6 bxa6 20. Qxc7 Rg6 21. Rb3
Bd4 22. Rf3 Rg7 23. Qxd6+ Kg8 24. Qc6 Rd8 25. Rf5 Rg4 26. Kg2 Rxe4 27. Rg5+ Kf8
28. Qh6+ Ke8 29. Rg8+ Kd7 30. Rxd8+ Kxd8 31. Qxd2 f5 32. Qg5+ Kd7 33. Qxf5+ Kc7
34. Qxe4 Bxf2 35. Rxf2 1-0

[Event "Challenge"]
[Site "http://www.queenalice.com/game.php?id=1460286"]
[Date "2017.1.19"]
[Round "-"]
[White "eduardofelix"]
[Black "Ebbe"]
[Result "0-1"]
[WhiteElo "1837"]
[BlackElo "1956"]

1. e4 e5 2. d4 exd4 3. Qxd4 Nc6 4. Qd1 Bc5 5. b3 Qf6 6. f3 Qxa1 7. Nd2 Bb4 8. a4
Qc3 9. Ne2 Qe3 10. Bb2 f6 11. c3 Ne5 12. Nc4 Nd3+ 0-1

[Event "Challenge"]
[Site "http://www.queenalice.com/game.php?id=1467051"]
[Date "2017.3.1"]
[Round "-"]
[White "FunChess"]
[Black "Ebbe"]
[Result "1-0"]
[WhiteElo "2340"]
[BlackElo "1977"]

1. e4 e5 2. Nf3 Nc6 3. Bc4 Nf6 4. d4 exd4 5. e5 Ng4 6. Bxf7+ Kxf7 7. Ng5+ Kg8 8.
Qxg4 d6 9. e6 Qe7 10. Nf7 Bxe6 11. Nh6# 1-0